| 000 | 00426nam a2200157Ia 4500 | ||
|---|---|---|---|
| 008 | 240729s9999 xx 000 0 und d | ||
| 022 | _a2692-3106 | ||
| 245 | 0 | _aExploration of Medicine | |
| 260 | _aChina | ||
| 260 | _bOpen Exploration Publishing Inc. | ||
| 650 | _a Other systems of medicine | ||
| 650 | _aMedicine | ||
| 856 | _uhttps://doaj.org/toc/350679abaf534867a84e7f233d47eab1 | ||
| 942 | _2ddc | ||
| 942 | _cDOAJEJ | ||
| 999 |
_c66769 _d66769 |
||
| 945 |
_a1 _bMadushi Gamage _c1 _dMadushi Gamage |
||